LEADER 01255nam a2200301 i 4500 001 991003274339707536 005 20020503185747.0 008 960929s1997 it ||| | ita 020 $a8883190777 035 $ab10482441-39ule_inst 035 $aEXGIL118051$9ExL 040 $aDip.to Filol. Ling. e Lett.$bita 082 0 $a453.028 082 0 $a458.1 100 1 $aDe Mauro, Tullio$0132346 245 10$aLessico e grammatica :$bteorie linguistiche e applicazioni lessicografiche :$batti del Convegno interannuale della Società di linguistica italiana :$bMadrid, 21-25 febbraio 1995 /$ca cura di Tullio De Mauro e Vincenzo Lo Cascio 260 $aRoma :$bBulzoni,$c1997 300 $ax, 462 p. ;$c22 cm. 490 0 $aPubblicazioni della Società di linguistica italiana ;$v36 650 4$aLingua italiana - Lessico$xCongressi - Madrid$y1995 700 1 $aLo Cascio, Vincenzo 710 2 $aSocietà di linguistica italiana 907 $a.b10482441$b21-02-17$c27-06-02 912 $a991003274339707536 945 $aLE008 FL.M. GL. D A 69$g1$i2008000018191$lle008$o-$pE0.00$q-$rl$s- $t0$u0$v0$w0$x0$y.i10556795$z27-06-02 996 $aLessico e grammatica$9213492 997 $aUNISALENTO 998 $ale008$b01-01-96$cm$da $e-$fita$git $h0$i1 LEADER 03372nam 22006371 450 001 9910961984003321 005 20140415162522.0 010 $a9780755621323 010 $a0755621328 010 $a9780857733283 010 $a0857733281 010 $a9780857722041 010 $a0857722042 024 7 $a10.5040/9780755621323 035 $a(CKB)2670000000370123 035 $a(EBL)1209051 035 $a(SSID)ssj0000907151 035 $a(PQKBManifestationID)11479382 035 $a(PQKBTitleCode)TC0000907151 035 $a(PQKBWorkID)10855475 035 $a(PQKB)10457848 035 $a(MiAaPQ)EBC1209051 035 $a(OCoLC)1160079924 035 $a(UtOrBLW)bpp09265487 035 $a(UtOrBLW)BP9780755621323BC 035 $a(Perlego)919511 035 $a(iGPub)BLOM0009415 035 $a(EXLCZ)992670000000370123 100 $a20200605d2013 uy 0 101 0 $aeng 135 $aur|n|---||||| 181 $ctxt 182 $cc 183 $acr 200 10$aGenius, power and magic $ea cultural history of Germany from Goethe to Wagner /$fRoderick Cavaliero 210 1$aLondon ;$aNew York :$cI.B.Tauris,$d2013. 215 $a1 online resource (392 p.) 300 $aDescription based upon print version of record. 311 08$a9781780764009 311 08$a1780764006 320 $aIncludes bibliographical references (pages 365-370) and index. 327 $aIntroduction -- Fitzboodle in Pumpernickel -- A German panorama -- Genius : Germans in search of god -- Genius : Germans in search of man (1) -- Genius : Germans in search of man (2) -- Potentates and patrons (1) -- Potentates and patrons (2) -- The Catholic south -- Magic : musical Germany -- Pumpernickel discovered -- Revolution across the Rhine -- The return of "Pumpernickel" -- Romance on the Rhine -- The Tales of the Hoffmen -- Harmony and dissonance -- Butterflies or maggots -- "Pumpernickel" by binoculars -- Power over genius and magic. 330 $a"Before unification in 1871, Germany was a loose collection of variously sovereign principalities, nurtured on deep thought, fine music and hard rye bread, somewhat lacking in cultural cohesion. Yet between the end of the Thirty Years War and unification under Bismarck, Germany became the land of philosophers and poets, writers and composers. Roderick Cavaliero provides a fascinating overview of Germany's cultural zenith and its artistic exports - including the literature of Goethe and Grimm, the music of Wagner, Schumann and Mendelssohn and the philosophy of Hegel, Marx, Nietzsche, Schiller and Kant. Providing a comprehensive and highly-readable account of Germany from Frederick the Great to Bismarck, 'Genius, Power and Magic' is fascinating reading for anyone interested in European history and the extraordinary cultural legacy of this golden age."--Amazon.com. 606 $aHistory of art & design styles: c 1800 to c 1900$2BIC 607 $aGermany$xCivilization 607 $aGermany$xIntellectual life$y18th century 607 $aGermany$xIntellectual life$y19th century 615 7$aHistory of art & design styles: c 1800 to c 1900. 676 $a943.07 700 $aCavaliero$b Roderick$01795504 801 0$bUtOrBLW 801 1$bUtOrBLW 906 $aBOOK 912 $a9910961984003321 996 $aGenius, power and magic$94336870 997 $aUNINA